[Event "Eastern Asia-ch U18 4th"]
[Site "Bangkok"]
[Date "2019.08.06"]
[Round "7.4"]
[White "Kumaresan, Nhavin"]
[Black "Hee, Wei Yang"]
[Result "1-0"]
[WhiteElo "1758"]
[BlackElo "1823"]
[PlyCount "121"]
[EventDate "2019.08.02"]
[EventType "swiss"]
[EventRounds "9"]
[EventCountry "THA"]
[SourceTitle "EXT 2024"]
[Source "ChessBase"]
[SourceDate "2023.10.10"]
[SourceVersion "1"]
[SourceVersionDate "2023.10.10"]
[SourceQuality "1"]

1. e4 c5 2. c3 Nf6 3. e5 Nd5 4. d4 cxd4 5. Nf3 Nc6 6. cxd4 d6 7. Bc4 e6 8. Qe2 Be7 9. 0-0 0-0 10. Bd2 Bd7 11. Nc3 Nxc3 12. Bxc3 Rc8 13. Rac1 d5 14. Bd3 f5 15. exf6 Bxf6 16. Rfe1 g6 17. Bb5 Re8 18. Bxc6 Bxc6 19. Red1 a6 20. Bd2 Bb5 21. Qe1 Qd6 22. g3 Rxc1 23. Rxc1 e5 24. Bb4 Qb8 25. dxe5 Bxe5 26. Qd2 Bc6 27. Bc3 Bxc3 28. Rxc3 Qd6 29. Re3 Rxe3 30. Qxe3 Qf6 31. Nd4 Kf7 32. f4 Qe7 33. Kf2 Qb4 34. Qe6+ Kg7 35. Qe5+ Kf7 36. Nf3 Qb6+ 37. Qd4 Qxd4+ 38. Nxd4 Bd7 39. b4 Kf6 40. Ke3 h5 41. Nf3 Bb5 42. Kd4 Bc4 43. a4 b5 44. a5 Kf5 45. Ne5 g5 46. fxg5 Kxg5 47. Nd7 Be2 48. Nc5 Bg4 49. Nxa6 Bc8 50. Nc7 Kg4 51. Nxd5 Kh3 52. Nf4+ Kxh2 53. Nxh5 Kh3 54. Kc5 Kg4 55. Nf6+ Kxg3 56. Kxb5 Kf4 57. a6 Ke5 58. Kb6 Bh3 59. b5 Kxf6 60. Kc7 Bf1 61. a7 1-0

[Event "Penang op-A 9th"]
[Site "Penang"]
[Date "2017.12.07"]
[Round "6"]
[White "Loh, Shao Kai Dylan"]
[Black "Hee, Wei Yang"]
[Result "1/2-1/2"]
[WhiteElo "1668"]
[BlackElo "1876"]
[PlyCount "47"]
[EventDate "2017.12.04"]
[EventType "swiss"]
[EventRounds "9"]
[EventCountry "MAS"]
[SourceTitle "CBM 182 Extra"]
[Source "ChessBase"]
[SourceDate "2018.02.23"]
[SourceVersion "1"]
[SourceVersionDate "2018.02.23"]
[SourceQuality "1"]

1. e4 c5 2. Nf3 Nc6 3. d4 cxd4 4. Nxd4 g6 5. Nc3 Bg7 6. Be3 Nf6 7. Bc4 0-0 8. Bb3 Re8 9. f3 e6 10. Qd2 d5 11. Nxc6 bxc6 12. 0-0-0 Qc7 13. exd5 cxd5 14. h4 a5 15. h5 Ba6 16. hxg6 fxg6 17. Bh6 Bxh6 18. Qxh6 Bc4 19. Bxc4 Qxc4 20. Rh4 Qc5 21. Rdh1 Rab8 22. Qg5 Qe7 23. Rf4 Nd7 24. Qxe7 1/2-1/2